00501 a2200145 4500020002800000040001300028100001800041245010300059250001200162260003500174300001900209650004300228650006200271700002200333 a0471976318 (alk. paper) aDLCbDLC1 aLynn, Paul A.10aIntroductory digital signal processing with computer applications cPaul A. Lynn, Wolfgang Fuerst. a2nd ed. aNew York :bJohn Wiley,c1997. a479 p. :bill. 0aSignal processingxDigital techniques. 0aSignal processingxDigital techniquesxComputer programs.1 aFuerst, Wolfgang.